000 00548nam a2200169Ia 4500
999 _c21764
_d21764
003 OSt
005 20200609141832.0
008 190216s9999||||xx |||||||||||||| ||und||
020 _a8130700867
040 _coclc
082 _a355.000934
_bOPE/O
100 _aOppert, Gustav
_92688
245 0 _aOn The Weapons, Army Organisation,And Political Maxims Of The Ancient Hindus /
_cGustav Oppert
260 _bCosmo Publications,
_c2005.
_aNew Delhi:
300 _a162p
942 _cBK
_2ddc
_h355.000934
_iOPE/E
_k355.000934
_mOPE/E